American Litterature II (1865-1900)

محفوظ في:
التفاصيل البيبلوغرافية
التنسيق: كتاب
اللغة:Undetermined
منشور في: kansas, Estados Unidos Board 1966
الموضوعات:
الوسوم: إضافة وسم
لا توجد وسوم, كن أول من يضع وسما على هذه التسجيلة!

MARC

LEADER 00000nam a2200000Ia 4500
008 170316s9999 xx 000 0 und d
090 |a A-810 A-3a v.2 
245 |a American Litterature II (1865-1900) 
260 |a kansas, Estados Unidos 
260 |b Board 
260 |c 1966 
300 |a 343 páginas 
650 |a LITERATURA ESTADOUNIDENSE 
650 |a ANTOLOGÍA 
999 |c 27596  |d 27596 
040 |a cru BVZT 
942 |c 15 D  |h A-810 A-3a v.2  |2 z